Регионална библиотека "Любен Каравелов" - Русе

Латински синтаксис (Запис номер 59535)

MARC детайли
000 -Лидер
Контролно поле с фиксирана дължина nam a22 a 4500
003 - Код на организацията, давaща контролен номер
Контролно поле BLK
005 - Дата и час на последна редакция
Контролно поле 20230301173853.0
008 - Елементи от данни с фиксирана дължина
fixed length control field 180408b bul|||||r ||||||| ||bul||
010 ## - Наследен системен номер
LC control number KNG00063642000
040 ## - Източник на каталожния запис
Идентификатор на билиотеката - собственик на записа BLK
041 ## - Код за език
Код за езика на текст/звукозапис или на отделно заглавие Латински
Код за езика КДБФ Други
Други езици Български
080 ## - УДК
Текстов определител УДК Латински език
УДК код - определител по УДК 811.124
УДК определител -56(075.8)
УДК - код + определител 811.124-56(075.8)
100 1# - Редна дума - Автор
Автор Георгиева, Недялка Спасова
Авторска отговорност първи автор
R(LIN) 249864
139 ## - Редно поле
Редна дума Георгиева, Недялка Спасова
Авторски знак Георгиев - Г 37
245 10 - Сведения за заглавието
Заглавие Латински синтаксис
Редно поле (дума) Недялка Спасова Георгиева.
257 ## - Страна на издаване
Страна на създаване/издаване България
260 ## - Област на издателските данни
Място на издаване, разпространение и проч. София
Име на издателя, разпространителя и проч. Унив. изд. Св. Климент Охридски
Година на издаване 1992
300 ## - Физическа характеристика
Страници 232 с.
Размери/Мащаб 21 см
380 ## - Жанр
Жанр Езикознание. Филология
500 ## - Общи забележки
Забележка Библиогр. с. 221-223 ; Списък на цитираните авт. и произведения
650 #4 - Допълнително описание по предмет – тема
Основно описание – тема или топоним Латински език - синтаксис
9 (RLIN) 289073
653 ## - Ключова дума – ненормативна
Ключова дума латински език
653 ## - Ключова дума – ненормативна
Ключова дума синтаксис
852 ## - Местоположение
Форматна сигнатура Цб 169547
856 4# - Електронен адрес и достъп
Електронен формат pdf - файл
Инструкция (цена за достъп) 0.00
Права за достъп disable
856 4# - Електронен адрес и достъп
Електронен формат pdf - файл
Инструкция (цена за достъп) 0.00
Права за достъп disable
999 ## - СИСТЕМНИ КОНТРОЛНИ НОМЕРА
Koha biblionumber 59535
Koha biblioitemnumber 59535
942 ## - АРТИКУЛИ
Вид на библиотечния материал Книги
Скрит в OPAC Не
Koha issues (borrowed), all copies 3
Периодичен библиозапис Да
944 ## - СЪЗДАВАНЕ И РЕДАКЦИЯ на ЗАПИСА
Създаване/Редакция Създаване
Дата на регистрацията/редакция 13.06.2004
Служител, извършил регистрацията/редакцията Читалня
944 ## - СЪЗДАВАНЕ И РЕДАКЦИЯ на ЗАПИСА
Създаване/Редакция Редакция
Дата на регистрацията/редакция 11.08.2015
Служител, извършил регистрацията/редакцията Геновева_Генчева
999 ## - СИСТЕМНИ КОНТРОЛНИ НОМЕРА
Koha biblioitemnumber 59535
Наличности
Код за отписване Код за изгубен артикул Източник на класификационната схема Код за повреда Коз за рестрикции Код за отдаване Артикулен № Име на библиотеката - собственик Име на библиотеката, в която се намира в момента Статус (Текущо местоположение) Дата на вписване в системата Местоположение - отдел Цена в лева Инвентарен номер Систематично азбучна сигнатура Баркод Номер на екземпляра Цена в евро Служебна бележка Служебен тип на артикула Бележка за публиката
  Не е изгубен Universal Decimal Classification Не е повреден без рестрикции заемане за дома 97245 Регионална библиотека "Любен Каравелов" Русе Регионална библиотека "Любен Каравелов" Русе ЧЧЗО - англ. ез. - Британски съвет 1993-01-01 ЧЧЗО - англ. ез. - Британски съвет 0.00 657971 Ч3 802/809/Г37Н 657971 1 0.00 Дата инв: 27.03.2017 Бележки инв: Ч2017 Книги  
Изтеглен Не е изгубен   Не е повреден без рестрикции заемане за дома 97246 Регионална библиотека "Любен Каравелов" Русе Регионална библиотека "Любен Каравелов" Русе   1992-01-01 ЧЧЗО - англ. ез. - Британски съвет 6.00 657973 Ч3 802/809/Г37Н 657973 2 3.07 Дост: Pk Вид: Сф N: стар фонд Дата: 01.01.1992 Дата инв: 20.03.2015 Бележки инв: Ч32015 Книги Отч.N: 61/2017 , Дата: 13.11.2017
  Не е изгубен   Не е повреден без рестрикции заемане за дома 97247 Регионална библиотека "Любен Каравелов" Русе Регионална библиотека "Любен Каравелов" Русе ЧЧЗО - англ. ез. - Британски съвет 1992-01-01 ЧЧЗО - англ. ез. - Британски съвет 0.00 657974 Ч3 802/809/Г37Н 657974 3 0.00 Дост: Pk Вид: Сф N: стар фонд Дата: 01.01.1992 Дата инв: 20.03.2015 Бележки инв: Ч32015 Книги  
  Не е изгубен   Не е повреден без рестрикции заемане за дома 97248 Регионална библиотека "Любен Каравелов" Русе Регионална библиотека "Любен Каравелов" Русе ЧЧЗО - англ. ез. - Британски съвет 1992-01-01 ЧЧЗО - англ. ез. - Британски съвет 0.00 657975 Ч3 802/809/Г37Н 657975 4 0.00 Дост: Pk Вид: Сф N: стар фонд Дата: 01.01.1992 Дата инв: 20.03.2015 Бележки инв: Ч32015 Книги  
  Не е изгубен   Не е повреден без рестрикции заемане за дома 97249 Регионална библиотека "Любен Каравелов" Русе Регионална библиотека "Любен Каравелов" Русе ЧЧЗО - англ. ез. - Британски съвет 1992-01-01 ЧЧЗО - англ. ез. - Британски съвет 0.00 657972 Ч3 802/809/Г37Н 657972 5 0.00 Дост: Pk Вид: Сф N: стар фонд Дата: 01.01.1992 Дата инв: 20.03.2015 Бележки инв: Ч32015 Книги  
  Не е изгубен Universal Decimal Classification Не е повреден без рестрикции заемане за дома 97250 Регионална библиотека "Любен Каравелов" Русе Регионална библиотека "Любен Каравелов" Русе Заемна - подръчен фонд 1992-01-01 Заемна - подръчен фонд 0.53 577129 811/Г 37Н 120000577129 6 0.27 Дост: Pk Вид: Ф N: стар фонд Дата: 01.01.1992 Дата инв: 08.02.2018 Бележки инв: П2018 Книги  
  Не е изгубен Universal Decimal Classification Не е повреден без рестрикции ползва се в читалня 97251 Регионална библиотека "Любен Каравелов" Русе Регионална библиотека "Любен Каравелов" Русе Хранилище 1992-01-01 Хранилище 15.00 570386 Цб 169547 120000570386 7 7.67 Дост: Dp Вид: Д N: стар фонд Дата: 01.01.1992 Книги  
Vip Innovations Ltd, Rousse, Bulgaria 2025